| 000 | 00363nam a22001457a 4500 | ||
|---|---|---|---|
| 999 |
_c9155 _d9155 |
||
| 003 | OSt | ||
| 008 | 201118b ||||| |||| 00| 0 eng d | ||
| 100 | _aCorter, Ronald ,Mcracjohn | ||
| 245 | _aRoutledge history of literature in english | ||
| 250 | _a3rd | ||
| 260 |
_aNew Delhi _bRoutledge _c2020 |
||
| 300 | _a605 | ||
| 650 | _aB.A.Hons.English | ||
| 942 |
_2ddc _cBK |
||